|
|
|
|
| LEADER |
00000nam0a2200000 4500 |
| 001 |
318081 |
| 005 |
20231102003036.0 |
| 035 |
|
|
|a (RuTPU)RU\TPU\book\343562
|
| 090 |
|
|
|a 318081
|
| 100 |
|
|
|a 20160420d1958 m y0rusy50 ca
|
| 101 |
0 |
|
|a rus
|
| 102 |
|
|
|a RU
|
| 105 |
|
|
|a a j 001zy
|
| 200 |
1 |
|
|a Сборник задач и упражнений по общей электротехнике
|e учебное пособие
|f П. А. Ионкин, В. С. Пантюшин, В. А. Смирнов
|
| 205 |
|
|
|a 4-е изд.
|
| 210 |
|
|
|a Москва
|c Советская наука
|d 1958
|
| 215 |
|
|
|a 461 с.
|c ил.
|
| 320 |
|
|
|a Библиогр.: с. 460
|
| 606 |
1 |
|
|a Электротехника общая
|2 stltpush
|3 (RuTPU)RU\TPU\subj\20906
|9 45967
|
| 610 |
1 |
|
|a учебные пособия
|
| 610 |
1 |
|
|a постоянный ток
|
| 610 |
1 |
|
|a постоянный электрический ток
|
| 610 |
1 |
|
|a электрические цепи
|
| 610 |
1 |
|
|a электрические поля
|
| 610 |
1 |
|
|a электромагнетизм
|
| 610 |
1 |
|
|a переходные явления
|
| 610 |
1 |
|
|a асинхронные двигатели
|
| 610 |
1 |
|
|a синхронные машины
|
| 610 |
1 |
|
|a электроника
|
| 610 |
1 |
|
|a электрическое освещение
|
| 610 |
1 |
|
|a электрические приводы
|
| 675 |
|
|
|a 621.3(076)
|v 4
|
| 700 |
|
1 |
|a Ионкин
|b П. А.
|g Петр Афанасьевич
|
| 701 |
|
1 |
|a Пантюшин
|b В. С.
|
| 701 |
|
1 |
|a Смирнов
|b В. А.
|
| 702 |
|
1 |
|a Пантюшин
|b В. С.
|4 340
|
| 801 |
|
1 |
|a RU
|b 63413507
|c 20160420
|
| 801 |
|
2 |
|a RU
|b 63413507
|c 20200828
|g RCR
|
| 942 |
|
|
|c BK
|